000 00355nam a2200133Ia 4500
008 191201s2011 xx 000 0 und d
082 _a658.5
_bKUO
100 _aKUMAR, Sunil
245 0 _aOrganisational Behaviour: A Research and Theory Based Textbook
260 _aN. Delhi
_bGlobal Vision Pub
_c2011
300 _a274
650 _aBBA
942 _2ddc
_cBK
999 _c4977
_d4977